000 00860nam a2200265 a 4500
001 BRL_1697
005 20190320211328.0
008 270514s1936----mx-a######---#000-0#spa-#
041 _aspa
044 _amx
050 4 _aF1219.3.R38
_b.C37 1936
100 1 _aCaso, Alfonso
_917369
245 1 0 _aLa religión de los aztecas
_cAlfonso Caso.
260 _aMéxico
_bImprenta Mundial
_c1936
300 _a61 p.
_bil., fotografías (blanco y negro)
_c23 cm.
440 0 _aEnciclopedia Ilustrada Mexicana
_912018
500 _aAu2165
500 _aVer también número de sistema 1798 perteneciente al Fondo Ruth Lechuga
504 _aBibliografía: p. 59 - 60
650 1 4 _aAztecas
_92396
650 1 4 _aMitología indígena
_zMéxico
_923568
650 1 4 _aIndígenas de México
_xReligión y Mitología
_zMéxico
_927658
902 _aGRL
942 _2lcc
_cB
999 _c10505
_d10505